Writing the modern research paper

Bibliographic Details
Main Author: Dees, Robert
Format: Book
Published: Boston : Allyn and Bacon , 2003
Edition:4th ed.
Subjects:

MARC

LEADER 00000cam a2200000 7i4500
001 0000014402
005 20040421.0
020 |a 0321107543 
040 |a INS 
090 0 0 |a LB2369.   |b D44 2003 
100 1 |a Dees, Robert 
245 1 0 |a Writing the modern research paper   |c Robert Dees 
250 |a 4th ed. 
260 |a Boston :   |b Allyn and Bacon ,   |c 2003 
300 |a 404p. ;   |c 23cm. 
650 0 0 |a Report writing 
650 0 0 |a Research 
999 |a 0000014531   |b BOOK   |c Red Spot   |e Default branch